| 000 | 01372nam0a22002891 4500 | ||
|---|---|---|---|
| 001 | rc\4835635 | ||
| 005 | 20260407132650.0 | ||
| 021 |
_aRU _b[68-109805] |
||
| 035 | _a(NLR Aleph) 008891133 | ||
| 090 |
_a8643297 _c8643297 |
||
| 100 | _a20130426d1968 |||y0rusy50 ca | ||
| 101 | 0 | _arus | |
| 102 | _aRU | ||
| 105 | _aa b ||||| | ||
| 200 | 1 |
_aАлександр Васильевич Щипицын. 1896-1943 _eКаталог выставки _f[Вступ. статья Т. Семеновой _g[Моск. отд-ние Союза Художников РСФСР. Центр. дом литераторов |
|
| 210 |
_aМосква _cСов. художник _d1968] |
||
| 215 |
_a[24] с. _cил. _d21 |
||
| 606 |
_aРусская советская живопись _xВыставки _z1967 _yМосква _2psbo |
||
| 702 | 1 |
_4080 _7ca _8rus _aСеменова _bТ. С. _cискусствовед _f1914-ок.1994 _gТатьяна Семеновна _9215144 _3RU\NLR\AUTH\770215200 |
|
| 702 | 1 |
_aЩипицын _bА.В. _gАлександр Васильевич _4570 |
|
| 710 | 1 | 0 |
_aЩипицын, _gАлександр Васильевич _hВыставка произведений _f1967 _eМосква _3RU\NLR\AUTH\8810078904 _9659937 |
| 801 | 0 |
_aRU _bNLR _gpsbo |
|
| 801 | 1 |
_aRU _bELAR _2rusmarc |
|
| 852 |
_aNLR _bЭ _jКП/Щ858 |
||
| 942 | _cBOOK | ||
| 980 | _aNB | ||